<?xml version="1.0" encoding="UTF-8"?>
<record
    xmlns:xsi="http://www.w3.org/2001/XMLSchema-instance"
    xsi:schemaLocation="http://www.loc.gov/MARC21/slim http://www.loc.gov/standards/marcxml/schema/MARC21slim.xsd"
    xmlns="http://www.loc.gov/MARC21/slim">

  <leader>03121nam a2200577Ia 4500</leader>
  <controlfield tag="001">4591</controlfield>
  <controlfield tag="008">241029s9999    xx            000 0 und d</controlfield>
  <datafield tag="010" ind1=" " ind2=" ">
    <subfield code="a">4331</subfield>
  </datafield>
  <datafield tag="041" ind1=" " ind2=" ">
    <subfield code="a">Espa&#xF1;ol</subfield>
  </datafield>
  <datafield tag="082" ind1=" " ind2=" ">
    <subfield code="a">NO APLICA</subfield>
  </datafield>
  <datafield tag="245" ind1=" " ind2="0">
    <subfield code="a">Participaci&#xF3;n e Integraci&#xF3;n de la Comunidad en los &#xD3;rganos de Participaci&#xF3;n de los Liceos P&#xFA;blicos Nocturnos del Distrito Educativo 04-06, del Municipio de Haina-Nigua, Provincia de San Crist&#xF3;bal, Rep&#xFA;blica Dominicana, en el Periodo 2010-2012</subfield>
  </datafield>
  <datafield tag="260" ind1=" " ind2=" ">
    <subfield code="a">Santo Domingo</subfield>
  </datafield>
  <datafield tag="300" ind1=" " ind2=" ">
    <subfield code="a">85</subfield>
  </datafield>
  <datafield tag="520" ind1=" " ind2=" ">
    <subfield code="a">18</subfield>
  </datafield>
  <datafield tag="630" ind1=" " ind2=" ">
    <subfield code="a">Comunidad Educativa</subfield>
  </datafield>
  <datafield tag="630" ind1=" " ind2=" ">
    <subfield code="a">Convivencia</subfield>
  </datafield>
  <datafield tag="630" ind1=" " ind2=" ">
    <subfield code="a">Gesti&#xF3;n Escolar</subfield>
  </datafield>
  <datafield tag="630" ind1=" " ind2=" ">
    <subfield code="a">Integraci&#xF3;n Social</subfield>
  </datafield>
  <datafield tag="630" ind1=" " ind2=" ">
    <subfield code="a">Participaci&#xF3;n Comunitaria</subfield>
  </datafield>
  <datafield tag="650" ind1=" " ind2=" ">
    <subfield code="a">Participaci&#xF3;n Comunitaria</subfield>
  </datafield>
  <datafield tag="690" ind1=" " ind2=" ">
    <subfield code="a">Elaborado</subfield>
  </datafield>
  <datafield tag="700" ind1=" " ind2=" ">
    <subfield code="e">asesor</subfield>
    <subfield code="a">Bautista P&#xE9;rez,  Juan </subfield>
  </datafield>
  <datafield tag="700" ind1=" " ind2=" ">
    <subfield code="e">autor</subfield>
    <subfield code="a">Paula Soto,  Gregorio </subfield>
  </datafield>
  <datafield tag="700" ind1=" " ind2=" ">
    <subfield code="e">autor</subfield>
    <subfield code="a">Valera Uribe , Ana Julia </subfield>
  </datafield>
  <datafield tag="901" ind1=" " ind2=" ">
    <subfield code="a">{"1":"Paula Soto","2":"Valera Uribe "}</subfield>
    <subfield code="b">{"1":" Gregorio ","2":"Ana Julia "}</subfield>
  </datafield>
  <datafield tag="902" ind1=" " ind2=" ">
    <subfield code="a">1</subfield>
  </datafield>
  <datafield tag="903" ind1=" " ind2=" ">
    <subfield code="a">{"1":"Bautista P&#xE9;rez"}</subfield>
    <subfield code="b">{"1":" Juan "}</subfield>
  </datafield>
  <datafield tag="904" ind1=" " ind2=" ">
    <subfield code="a">Maestr&#xED;a en</subfield>
  </datafield>
  <datafield tag="905" ind1=" " ind2=" ">
    <subfield code="a">Gesti&#xF3;n de Centros Educativos</subfield>
  </datafield>
  <datafield tag="906" ind1=" " ind2=" ">
    <subfield code="a">2</subfield>
  </datafield>
  <datafield tag="907" ind1=" " ind2=" ">
    <subfield code="a">NO APLICA</subfield>
  </datafield>
  <datafield tag="908" ind1=" " ind2=" ">
    <subfield code="a">NO APLICA</subfield>
  </datafield>
  <datafield tag="909" ind1=" " ind2=" ">
    <subfield code="a">Universidad Aut&#xF3;noma de Santo Domingo (UASD)</subfield>
  </datafield>
  <datafield tag="910" ind1=" " ind2=" ">
    <subfield code="a">NULL</subfield>
    <subfield code="b">NULL</subfield>
  </datafield>
  <datafield tag="911" ind1=" " ind2=" ">
    <subfield code="a">["1"]</subfield>
  </datafield>
  <datafield tag="912" ind1=" " ind2=" ">
    <subfield code="a">NO APLICA</subfield>
  </datafield>
  <datafield tag="913" ind1=" " ind2=" ">
    <subfield code="a">NULL</subfield>
  </datafield>
  <datafield tag="914" ind1=" " ind2=" ">
    <subfield code="a">22 de Mayo de 2013</subfield>
  </datafield>
  <datafield tag="915" ind1=" " ind2=" ">
    <subfield code="a">25/06/15 11:06</subfield>
  </datafield>
  <datafield tag="916" ind1=" " ind2=" ">
    <subfield code="a">NULL</subfield>
  </datafield>
  <datafield tag="917" ind1=" " ind2=" ">
    <subfield code="a">NULL</subfield>
  </datafield>
  <datafield tag="918" ind1=" " ind2=" ">
    <subfield code="a">NO APLICA</subfield>
  </datafield>
  <datafield tag="919" ind1=" " ind2=" ">
    <subfield code="a">["45","238","201","124","152"]</subfield>
  </datafield>
  <datafield tag="520" ind1=" " ind2=" ">
    <subfield code="a">El estudio se plante&#xF3; como objetivo principal, realizar un an&#xE1;lisis de la participaci&#xF3;n e integraci&#xF3;n de la comunidad en el desenvolvimiento de la gesti&#xF3;n de los Liceos P&#xFA;blicos Nocturnos del Distrito Educativo 04-06, del Municipio de Haina-Nigua, Provincia de San Crist&#xF3;bal, Rep&#xFA;blica Dominicana, per&#xED;odo 2010-2012.&#xA0;La metodolog&#xED;a utilizada se fundament&#xF3; en el m&#xE9;todo de la encuesta y la entrevista, se aplic&#xF3; un cuestionario como instrumento de recolecci&#xF3;n de datos.&#xA0; Se trabaj&#xF3; con una muestra de 176 estudiantes, 22 profesores, &#xA0;3 directores y 17 padres de los alumnos/as.El estudio concluy&#xF3;, que los directivos y maestros de estos centros, aplican&#xA0;las&#xA0;pol&#xED;ticas&#xA0;de participaci&#xF3;n e&#xA0;integraci&#xF3;n, establecidas&#xA0;en la Ley 66-97 y sus derivados, solo con el fin de cumplir con exigencias hechas por las autoridades educativas representadas en el Distrito, Regional y Ministerio de Educaci&#xF3;n.&#xA0;  Los directores de estos centros al formar los organismos de participaci&#xF3;n e&#xA0;integraci&#xF3;n&#xA0;de la&#xA0;comunidad educativa, no logran con esto un buen funcionamiento, al no&#xA0;aplicar&#xA0;las&#xA0;pol&#xED;ticas&#xA0;al&#xA0;pie&#xA0;de&#xA0;la&#xA0;letra, no solo para quedar&#xA0;bien&#xA0;con las autoridades&#xA0;sino,&#xA0;tambi&#xE9;n&#xA0;para lograr una verdadera&#xA0;integraci&#xF3;n&#xA0;y participaci&#xF3;n&#xA0;de la comunidad educativa de&#xA0;estos centros, lo que logran es que estos organismos luego de formados, se conviertan en organismos no funcionales. &#xA0;</subfield>
  </datafield>
  <datafield tag="921" ind1=" " ind2=" ">
    <subfield code="a">12</subfield>
  </datafield>
  <datafield tag="922" ind1=" " ind2=" ">
    <subfield code="a">12</subfield>
  </datafield>
  <datafield tag="923" ind1=" " ind2=" ">
    <subfield code="a">0</subfield>
  </datafield>
  <datafield tag="924" ind1=" " ind2=" ">
    <subfield code="a">NO APLICA</subfield>
  </datafield>
  <datafield tag="942" ind1=" " ind2=" ">
    <subfield code="c">Tesis</subfield>
  </datafield>
  <datafield tag="999" ind1=" " ind2=" ">
    <subfield code="c">4331</subfield>
    <subfield code="d">4331</subfield>
  </datafield>
</record>
